La rivoluzione proletaria e la cultura borghese / (Record no. 95088)

MARC details
000 -LEADER
campo de control de longitud fija 00605nam a2200169 i 4500
001 - NÚMERO DE CONTROL
campo de control 95088
003 - IDENTIFICADOR DE NÚMERO DE CONTROL
campo de control ES-MaACL
007 - CAMPO FIJO DE DESCRIPCIÓN FÍSICA--INFORMACIÓN GENERAL
campo de control de longitud fija t|
008 - DATOS DE LONGITUD FIJA--INFORMACIÓN GENERAL
campo de control de longitud fija 050523s1972 it ||||1| ita d
100 1# - ENTRADA PRINCIPAL--NOMBRE DE PERSONA
Nombre de persona Lunacharskiï, Anatoliï Vasil'evich.
9 (RLIN) 74779
245 13 - MENCIÓN DEL TÍTULO
Título La rivoluzione proletaria e la cultura borghese /
Mención de responsabilidad, etc. Anatolïi Vasil'evich Lunacharskïi; [tradotto del russo de Vittorio Nadai e Antonella D'Amelia].
260 ## - PUBLICACIÓN, DISTRIBUCIÓN, ETC.
Lugar de publicación, distribución, etc. Milano :
Nombre del editor, distribuidor, etc. Gabriele Mazzotta,
Fecha de publicación, distribución, etc. 1972.
300 ## - DESCRIPCIÓN FÍSICA
Extensión 327 p. ;
Dimensiones 20 cm.
700 1# - ENTRADA AGREGADA--NOMBRE PERSONAL
Nombre de persona Nadai, Victtorio.
9 (RLIN) 84789
700 1# - ENTRADA AGREGADA--NOMBRE PERSONAL
Nombre de persona D'Amelia, Antonella.
9 (RLIN) 42343
852 ## - LOCALIZACIÓN
Ubicación ES-MaACL
Número de control de estantería E-6578
Sublocalización o colección R.90951
Holdings
Estatus retirado Estado de pérdida Estado de daño No para préstamo Biblioteca de origen Biblioteca actual Ubicación en estantería Fecha de adquisición Fuente de adquisición Total de préstamos Signatura topográfica completa Código de barras Visto por última vez Precio de reemplazo Tipo de ítem Koha
        Biblioteca del Ateneo de Madrid Biblioteca del Ateneo de Madrid Depósito 2 17/01/2008     E-6578 1099297 23/02/2023 23/02/2023 Libro impreso